|
|
|
|
| LEADER |
00000nsb a2200000 a 4500 |
| 003 |
Ucuenca |
| 005 |
20230504062632.0 |
| 008 |
012102| ||||||||r|||||||||||spa|| |
| 022 |
|
|
|a 1390-0862
|
| 040 |
|
|
|b spa
|
| 041 |
1 |
|
|a spa
|
| 082 |
0 |
|
|a 050
|b U48p
|
| 100 |
1 |
|
|9 4800
|a Maíz, Claudio
|
| 245 |
|
|
|a Derecho Humano y literatura
|c Claudio Maíz
|h imp
|
| 264 |
|
|
|a Cuenca
|b Facultad de Filosofía, Letras y Ciencias de la Educación
|c 2011
|
| 300 |
|
|
|a páginas: 111-119
|c 22,5 cm
|
| 362 |
|
|
|a no. 23 (2011)
|
| 504 |
|
|
|a incl. ref.
|
| 520 |
3 |
|
|a Establece una correlación entre la idea universal de los Derechos Humanos y los discursos literarios.
|
| 650 |
|
0 |
|a Revista de Humanidades
|9 175146
|
| 650 |
|
0 |
|a Derechos humanos
|9 2189
|
| 650 |
|
7 |
|a Literatura latinoamericana
|9 25530
|
| 650 |
|
|
|a Universalismo
|9 190630
|
| 852 |
|
|
|a UC-CDJBV
|f Donación
|k epenafiel
|l 1
|m General
|p 20121023
|r 2
|b 0
|d CDRC
|e CDRC
|g 050 P952u TERCER PISO (SECCION REVISTAS)
|z 2012-21-02
|
| 942 |
|
|
|c SERA
|
| 773 |
0 |
|
|0 146292
|9 129831
|a Universidad de Cuenca
|d Cuenca Facultad de Filosofía, Letras y Ciencias de la Educación 2011
|o si6377
|t Pucara. Revista de humanidades
|w (Ucuenca)si6376
|x 1390-0862
|
| 999 |
|
|
|c 110024
|d 110024
|